Lớp học cuối cùng = Tuesdays with Morie

Kaydedildi:
Detaylı Bibliyografya
Yazar: Albom, Mitch
Materyal Türü: Kitap
Dil:Undetermined
Baskı/Yayın Bilgisi: Thành phố Hồ Chí Minh Trẻ 2004
Konular:
Etiketler: Etiketle
Etiket eklenmemiş, İlk siz ekleyin!
Thư viện lưu trữ: Trung tâm Học liệu Trường Đại học Cần Thơ
LEADER 00573nam a2200205Ia 4500
001 CTU_95898
008 210402s9999 xx 000 0 und d
020 |c 20000 
082 |a 823 
082 |b A339 
100 |a Albom, Mitch 
245 0 |a Lớp học cuối cùng = 
245 0 |b Tuesdays with Morie 
245 0 |c Mitch Albom; Hương Phong biên dịch 
260 |a Thành phố Hồ Chí Minh 
260 |b Trẻ 
260 |c 2004 
650 |a American literature 
904 |i Nguyên 
980 |a Trung tâm Học liệu Trường Đại học Cần Thơ